[Event "DRUGA LIGA SRBIJE-GRUPA VOJVODINA 2018"]
[Site "Novi Sad"]
[Date "2018.11.09"]
[Round "1.1"]
[White "Jotic, Vladimir"]
[Black "Nikolovski, Nikola"]
[Result "0-1"]
[WhiteElo "2369"]
[BlackElo "2380"]
[PlyCount "64"]
[EventDate "2018.11.09"]
[WhiteTeam "S.K. POLET- RASTINA"]
[BlackTeam "Š.K. BATA  COSIC-OPOVO"]

1. g3 f5 2. Bg2 Nf6 3. c4 e6 4. Nf3 Be7 5. O-O O-O 6. d3 d6 7. Nc3 e5 8. c5 Kh8
9. cxd6 cxd6 10. Bg5 Nc6 11. Nd2 Be6 12. Bxf6 Rxf6 13. Nd5 Rh6 14. b4 a6 15.
Rb1 Rb8 16. b5 axb5 17. Rxb5 Qd7 18. Nxe7 Nxe7 19. a4 f4 20. e3 Bh3 21. Qf3
Bxg2 22. Qxg2 d5 23. Nf3 Qd6 24. e4 Rf8 25. Rxb7 dxe4 26. dxe4 fxg3 27. hxg3
Nc6 28. Rb5 Rhf6 29. Rd5 Qe7 30. Rc1 Qa3 31. Rxc6 Rxc6 32. Nxe5 Qa1+ 0-1

[Event "DRUGA LIGA SRBIJE-GRUPA VOJVODINA 2018"]
[Site "Novi Sad"]
[Date "2018.11.09"]
[Round "1.1"]
[White "Milojevic, Dusan"]
[Black "Miranovic, Rajko"]
[Result "0-1"]
[WhiteElo "2287"]
[BlackElo "2358"]
[PlyCount "66"]
[EventDate "2018.11.09"]
[WhiteTeam "Š.K. BATA  COSIC-OPOVO"]
[BlackTeam "S.K. POLET- RASTINA"]

1. d4 d5 2. c4 e6 3. Nf3 Nf6 4. Nc3 Be7 5. e3 O-O 6. Bd3 c5 7. O-O Nc6 8. dxc5
Bxc5 9. Qe2 a6 10. e4 dxc4 11. Bxc4 Qc7 12. e5 Ng4 13. Bf4 f6 14. Ne4 Bb6 15.
Rac1 Ngxe5 16. Nxe5 fxe5 17. Bg3 Qe7 18. Qg4 Kh8 19. h4 Bd7 20. h5 Rf5 21. h6
Rg8 22. Bh4 Qf8 23. Bg3 Nd4 24. Bd3 gxh6 25. Qh4 Bc6 26. Rfe1 Rf4 27. Qh3 Rxg3
28. fxg3 Nf3+ 29. Kh1 Nxe1 30. gxf4 Nxd3 31. Qxd3 Qxf4 32. Rxc6 Qh4+ 33. Qh3
Qe1+ 0-1

[Event "DRUGA LIGA SRBIJE-GRUPA VOJVODINA 2018"]
[Site "Novi Sad"]
[Date "2018.11.09"]
[Round "1.1"]
[White "Sljukic, Miodrag"]
[Black "Jovanovski, Slobodan"]
[Result "1/2-1/2"]
[WhiteElo "2206"]
[BlackElo "2330"]
[PlyCount "169"]
[EventDate "2018.11.09"]
[WhiteTeam "S.K. POLET- RASTINA"]
[BlackTeam "Š.K. BATA  COSIC-OPOVO"]

1. d4 Nf6 2. Bf4 g6 3. e3 Bg7 4. Nf3 d6 5. h3 O-O 6. Be2 Nbd7 7. O-O c5 8. c3
a6 9. a4 b6 10. Nbd2 Bb7 11. Bh2 Qc7 12. Qb1 Rac8 13. Re1 Qb8 14. e4 cxd4 15.
cxd4 Ne8 16. Bf1 Nc7 17. Nc4 Ne6 18. Qd3 a5 19. Rad1 Rfd8 20. Qb3 Qa8 21. e5
dxe5 22. Ncxe5 Bd5 23. Qa3 Bf8 24. Bg3 Nf6 25. Bh4 Qb7 26. b4 Rc7 27. bxa5 bxa5
28. Rb1 Qa8 29. Rb6 Bxf3 30. Nxf3 Nxd4 31. Nxd4 Rxd4 32. Bg3 Rc8 33. Reb1 Qe4
34. f3 Qc2 35. Rb8 Rdd8 36. Rxc8 Rxc8 37. Rb5 Qd1 38. Qb3 Qd2 39. Bf2 Bh6 40.
Bc4 Qc1+ 41. Bf1 Qd2 42. Bc4 Qc1+ 43. Bf1 Rd8 44. Rb8 Rxb8 45. Qxb8+ Kg7 46.
Qa7 Qc3 47. Qxe7 Nd5 48. Qc5 Qxc5 49. Bxc5 Bd2 50. Kf2 Nc3 51. Bb5 Kf6 52. Bd4+
Ke7 53. Bc5+ Ke6 54. Bc4+ Kf6 55. Bb3 Ke5 56. Bb6 Nd5 57. Ba7 Bb4 58. g3 f6 59.
f4+ Kd6 60. Kf3 Bc3 61. Ke4 f5+ 62. Kd3 Be1 63. Bb8+ Kc5 64. g4 Bg3 65. gxf5
gxf5 66. Ba7+ Kd6 67. Bb8+ Kc5 68. Ba7+ Kc6 69. Bxd5+ Kxd5 70. Be3 Be1 71. Bg1
Bb4 72. Be3 Bc5 73. Bd2 Bb6 74. Be1 Bd8 75. Bf2 Bc7 76. Be3 Bd6 77. Bd2 Bc7 78.
Be3 Bd8 79. Bf2 Be7 80. Bb6 Bb4 81. Bf2 Bc5 82. Be1 Bb6 83. Bd2 Bc7 84. Be3 Bd8
85. Bf2 1/2-1/2

[Event "DRUGA LIGA SRBIJE-GRUPA VOJVODINA 2018"]
[Site "Novi Sad"]
[Date "2018.11.09"]
[Round "1.1"]
[White "Kosanovic, Dragan"]
[Black "Elez, Nikola"]
[Result "1/2-1/2"]
[WhiteElo "2329"]
[BlackElo "2120"]
[PlyCount "141"]
[EventDate "2018.11.09"]
[WhiteTeam "Š.K. BATA  COSIC-OPOVO"]
[BlackTeam "S.K. POLET- RASTINA"]

1. d4 d6 2. e4 Nf6 3. f3 e5 4. Ne2 exd4 5. Nxd4 Nc6 6. c4 Be7 7. Nc3 O-O 8. Be3
Re8 9. Be2 Nxd4 10. Qxd4 Be6 11. O-O c6 12. Rfd1 Qa5 13. Qd2 Bd8 14. a3 Bb6 15.
b4 Bxe3+ 16. Qxe3 Qc7 17. Rac1 a5 18. Qd4 axb4 19. axb4 Red8 20. Nd5 Bxd5 21.
cxd5 Qd7 22. dxc6 bxc6 23. Qb6 Rac8 24. b5 cxb5 25. Bxb5 Rxc1 26. Rxc1 Qe7 27.
Rc7 Qe5 28. Bc4 d5 29. Rb7 Rc8 30. Bf1 dxe4 31. fxe4 Nxe4 32. Qe3 Qc5 33. Qxc5
Nxc5 34. Ra7 Ne6 35. g3 g6 36. Ra2 Kg7 37. Bg2 Rc5 38. Kf2 h5 39. h4 Nd4 40.
Rd2 Nf5 41. Bh3 Kf6 42. Bxf5 Kxf5 43. Kg2 f6 44. Rf2+ Ke6 45. Re2+ Re5 46. Ra2
g5 47. hxg5 Rxg5 48. Kf3 Rb5 49. Ra4 Kf5 50. Ra3 Kg5 51. Rc3 Rf5+ 52. Kg2 Ra5
53. Kf3 Ra1 54. Rc5+ f5 55. Rc8 Ra3+ 56. Kg2 Ra6 57. Kf3 Rh6 58. Rc4 Rh8 59.
Ra4 Rb8 60. Ra7 Rb3+ 61. Kg2 Re3 62. Rg7+ Kf6 63. Rg8 Re6 64. Kf3 Ra6 65. Kf4
Ra4+ 66. Kf3 h4 67. gxh4 Rxh4 68. Rf8+ Ke6 69. Re8+ Kf7 70. Ra8 Rb4 71. Ra6
1/2-1/2

[Event "DRUGA LIGA SRBIJE-GRUPA VOJVODINA 2018"]
[Site "Novi Sad"]
[Date "2018.11.09"]
[Round "1.1"]
[White "Gutovic, Branislav"]
[Black "Mitrovic, Zivadin"]
[Result "0-1"]
[WhiteElo "2103"]
[BlackElo "2209"]
[PlyCount "68"]
[EventDate "2018.11.09"]
[WhiteTeam "S.K. POLET- RASTINA"]
[BlackTeam "Š.K. BATA  COSIC-OPOVO"]

1. e4 d5 2. exd5 Nf6 3. Nf3 Nxd5 4. d4 g6 5. Bd3 Bg7 6. O-O O-O 7. h3 Nd7 8.
Bd2 e5 9. Bc4 N5b6 10. Bb3 exd4 11. Bg5 Bf6 12. Bh6 Re8 13. a4 Nc5 14. Nbd2 Be6
15. Bxe6 Rxe6 16. a5 Nd5 17. Nc4 Nb4 18. Qd2 Nc6 19. Rfe1 Qd5 20. Ne3 Qd7 21.
Ng4 Bh8 22. Ng5 Rxe1+ 23. Rxe1 f5 24. Qe2 d3 25. cxd3 Nd4 26. Qd1 fxg4 27. b4
Nxd3 28. Re4 Nf4 29. Qf1 Nd5 30. Qc4 Nf5 31. Rxg4 Nxh6 32. Rh4 Bg7 33. Ne4 Nf7
34. Nc5 Qf5 0-1

[Event "DRUGA LIGA SRBIJE-GRUPA VOJVODINA 2018"]
[Site "Novi Sad"]
[Date "2018.11.09"]
[Round "1.1"]
[White "Joksimovic, Dragoljub"]
[Black "Ivancevic, Bozidar"]
[Result "1-0"]
[WhiteElo "2145"]
[BlackElo "2090"]
[PlyCount "123"]
[EventDate "2018.11.09"]
[WhiteTeam "Š.K. BATA  COSIC-OPOVO"]
[BlackTeam "S.K. POLET- RASTINA"]

1. c4 Nf6 2. Nc3 b6 3. e4 Bb7 4. e5 Ne4 5. d4 Nxc3 6. bxc3 d5 7. Nf3 e6 8. Bd3
Be7 9. O-O c5 10. cxd5 Bxd5 11. c4 Bxf3 12. Qxf3 Nd7 13. Qg3 cxd4 14. Qxg7 Rf8
15. Bf4 h5 16. Be2 h4 17. Rad1 Bc5 18. Bf3 h3 19. g3 Rc8 20. Qh7 Nb8 21. Qxh3
Nc6 22. Qh7 Qc7 23. Qe4 Ne7 24. h4 Ng6 25. h5 f5 26. Qb7 Nxf4 27. Qxc7 Rxc7 28.
gxf4 Rh7 29. Kg2 Rg8+ 30. Kh3 Rgh8 31. Rg1 Kf7 32. Rg3 Rd8 33. Rd3 Bb4 34. Kg2
Bc3 35. Rg6 Rc8 36. Rf6+ Ke7 37. Bd1 Rxc4 38. Rg3 Bd2 39. Rgg6 Bxf4 40. Rxe6+
Kd7 41. Rgf6 Rc1 42. Ba4+ Kc7 43. Rxf5 Bd2 44. Rd6 Rc4 45. Bb3 Rb4 46. Kf3 a5
47. Rf7+ Rxf7+ 48. Bxf7 b5 49. h6 d3 50. h7 Rh4 51. Bg8 Bf4 52. Rd5 d2 53. e6
Bg5 54. Kg3 b4 55. f4 Bf6 56. Rxd2 a4 57. Rd7+ Kc6 58. Rf7 b3 59. axb3 axb3 60.
Rxf6 Kc7 61. e7 b2 62. Ba2 1-0

[Event "DRUGA LIGA SRBIJE-GRUPA VOJVODINA 2018"]
[Site "Novi Sad"]
[Date "2018.11.09"]
[Round "1.2"]
[White "Farkas, Tibor"]
[Black "Blagojevic, Dragisa"]
[Result "0-1"]
[WhiteElo "2310"]
[BlackElo "2494"]
[PlyCount "92"]
[EventDate "2018.11.09"]
[WhiteTeam "S.K. BACKA-PAÈIR"]
[BlackTeam "Š.K. MLADOST-NOVA PAZOVA"]

1. e4 e5 2. Nf3 Nc6 3. Bb5 a6 4. Ba4 Nf6 5. O-O Be7 6. d3 d6 7. c4 O-O 8. h3
Nd7 9. Nc3 Nc5 10. Bxc6 bxc6 11. d4 exd4 12. Nxd4 Bd7 13. Be3 Bf6 14. Nde2 Ne6
15. Qd2 Qc8 16. Rad1 Qb7 17. b3 Rfe8 18. Qc2 Rad8 19. Rfe1 Bc8 20. Nf4 Qb4 21.
Na4 Nxf4 22. Bxf4 c5 23. Bd2 Qb8 24. Bc3 Be7 25. Ba5 Bf6 26. Bc3 Bxc3 27. Nxc3
Re6 28. Re3 Rde8 29. Red3 f5 30. exf5 Re1+ 31. Rxe1 Rxe1+ 32. Kh2 Bxf5 33. Qd2
Qe8 34. Rg3 Bg6 35. Nd5 Re2 36. Qg5 Re5 37. Qf4 c6 38. Nc3 d5 39. Re3 Rxe3 40.
fxe3 Qd8 41. Na4 d4 42. Nxc5 d3 43. Ne6 Qe7 44. Qb8+ Be8 45. Nc7 d2 46. Nxe8
d1=Q 0-1

[Event "DRUGA LIGA SRBIJE-GRUPA VOJVODINA 2018"]
[Site "Novi Sad"]
[Date "2018.11.09"]
[Round "1.2"]
[White "Vlatkovic, Sinisa"]
[Black "Arbutina, Sinisa"]
[Result "1-0"]
[WhiteElo "2283"]
[BlackElo "2325"]
[PlyCount "105"]
[EventDate "2018.11.09"]
[WhiteTeam "Š.K. MLADOST-NOVA PAZOVA"]
[BlackTeam "S.K. BACKA-PAÈIR"]

1. d4 d5 2. c4 c6 3. Nf3 Nf6 4. Nc3 dxc4 5. a4 Bf5 6. Ne5 Nbd7 7. Nxc4 Nb6 8.
e3 e6 9. Qb3 Nxc4 10. Bxc4 Qb6 11. a5 Qxb3 12. Bxb3 Bd3 13. f3 Be7 14. Kf2 O-O
15. Rd1 Ba6 16. e4 Nd7 17. Be3 Rfd8 18. e5 c5 19. Ne4 c4 20. Ba4 Rac8 21. Nc3
f6 22. f4 Bb4 23. Nb5 Bxb5 24. Bxb5 a6 25. Bxd7 Rxd7 26. Ra4 Be7 27. Rc1 Rdc7
28. Bd2 Kf7 29. Ke3 f5 30. Bb4 g5 31. g3 gxf4+ 32. gxf4 Rc6 33. Bxe7 Kxe7 34.
Rb4 R8c7 35. Kd2 Kd7 36. Kc3 b5 37. axb6 Rb7 38. Rg1 Rbxb6 39. Rg7+ Kd8 40.
Rxh7 a5 41. Rxb6 Rxb6 42. Kxc4 Rc6+ 43. Kb5 Rc2 44. b3 Rc3 45. Ra7 Ke8 46. Rxa5
Rxb3+ 47. Kc6 Rb4 48. Kd6 Rb6+ 49. Kc5 Rb2 50. h4 Kf8 51. Ra8+ Kf7 52. h5 Rf2
53. Ra7+ 1-0

[Event "DRUGA LIGA SRBIJE-GRUPA VOJVODINA 2018"]
[Site "Novi Sad"]
[Date "2018.11.09"]
[Round "1.2"]
[White "Vidic, Stevan"]
[Black "Grcic, Vukasin"]
[Result "1/2-1/2"]
[WhiteElo "2258"]
[BlackElo "2174"]
[PlyCount "79"]
[EventDate "2018.11.09"]
[WhiteTeam "S.K. BACKA-PAÈIR"]
[BlackTeam "Š.K. MLADOST-NOVA PAZOVA"]

1. d4 d5 2. Nf3 c5 3. dxc5 e6 4. c4 Bxc5 5. e3 Nc6 6. Be2 Nf6 7. O-O O-O 8.
Nbd2 a5 9. Nb3 Ba7 10. Nbd4 Nxd4 11. exd4 h6 12. c5 Bd7 13. Ne5 Bb8 14. Bf4 g5
15. Nxd7 Nxd7 16. Bxb8 Nxb8 17. f4 Nc6 18. Bb5 Qf6 19. Bxc6 bxc6 20. fxg5 Qxg5
21. Rc1 f5 22. Rc3 Kh7 23. Re1 Rfe8 24. Rb3 Rab8 25. Rb6 Rxb6 26. cxb6 Qf4 27.
Qd3 Rb8 28. Rxe6 Qc1+ 29. Qf1 Qxf1+ 30. Kxf1 Rxb6 31. Re2 Rb4 32. Rd2 Kg6 33.
Ke2 Rc4 34. Kd3 Rc1 35. Re2 Kf6 36. Kd2 Rc4 37. Kd3 Rc1 38. Kd2 Rc4 39. Kd3 Rc1
40. Kd2 1/2-1/2

[Event "DRUGA LIGA SRBIJE-GRUPA VOJVODINA 2018"]
[Site "Novi Sad"]
[Date "2018.11.09"]
[Round "1.2"]
[White "Stamenkovic, Aleksandar"]
[Black "Kecskemeti, Arpad"]
[Result "1/2-1/2"]
[WhiteElo "2165"]
[BlackElo "2195"]
[PlyCount "37"]
[EventDate "2018.11.09"]
[WhiteTeam "Š.K. MLADOST-NOVA PAZOVA"]
[BlackTeam "S.K. BACKA-PAÈIR"]

1. d4 Nf6 2. Nf3 g6 3. c4 Bg7 4. Nc3 O-O 5. e4 d6 6. Be2 e5 7. O-O Nc6 8. Be3
Ng4 9. Bg5 f6 10. Bc1 f5 11. dxe5 Ngxe5 12. exf5 Bxf5 13. Be3 Qd7 14. Nxe5 Bxe5
15. Qd2 Rae8 16. Rad1 Rf7 17. c5 Qc8 18. cxd6 Bxd6 19. Bc4 1/2-1/2

[Event "DRUGA LIGA SRBIJE-GRUPA VOJVODINA 2018"]
[Site "Novi Sad"]
[Date "2018.11.09"]
[Round "1.2"]
[White "Marjanusic, Vladimir"]
[Black "Cecaric, Milan"]
[Result "1-0"]
[WhiteElo "2197"]
[BlackElo "2042"]
[PlyCount "103"]
[EventDate "2018.11.09"]
[WhiteTeam "S.K. BACKA-PAÈIR"]
[BlackTeam "Š.K. MLADOST-NOVA PAZOVA"]

1. e4 b6 2. d4 Bb7 3. Nc3 e6 4. a3 Nf6 5. f3 c5 6. d5 exd5 7. exd5 Bd6 8. Qe2+
Qe7 9. Nb5 Qxe2+ 10. Nxe2 Ke7 11. Nxd6 Kxd6 12. c4 Re8 13. Kf2 Ke7 14. Nc3 Ba6
15. Bf4 d6 16. Bd3 Kd7 17. Rhe1 h6 18. h4 Kc7 19. Rxe8 Nxe8 20. Re1 Kd8 21. g4
Nd7 22. g5 h5 23. a4 f6 24. Bg6 Ne5 25. Bxe5 dxe5 26. b3 Nd6 27. Bxh5 Kd7 28.
Bg6 Rf8 29. h5 fxg5 30. Rg1 Nf5 31. Bxf5+ Rxf5 32. Ke3 Bc8 33. Ne4 Ke7 34. Nxg5
Bd7 35. Ne4 Kf8 36. a5 Rxh5 37. axb6 axb6 38. Rg6 Rh6 39. Rg5 Rh2 40. Rxe5 Kf7
41. d6 Bc6 42. Re7+ Kf8 43. Ng5 Rb2 44. Ne6+ Kg8 45. Rxg7+ Kh8 46. Rc7 Rxb3+
47. Kd2 Ba4 48. Ra7 Bc6 49. d7 Bxd7 50. Rxd7 Rxf3 51. Rb7 Rb3 52. Nf4 1-0

[Event "DRUGA LIGA SRBIJE-GRUPA VOJVODINA 2018"]
[Site "Novi Sad"]
[Date "2018.11.09"]
[Round "1.2"]
[White "Gavric, Zivojin"]
[Black "Jesenski, Tibor"]
[Result "1/2-1/2"]
[WhiteElo "2125"]
[BlackElo "2290"]
[PlyCount "31"]
[EventDate "2018.11.09"]
[WhiteTeam "Š.K. MLADOST-NOVA PAZOVA"]
[BlackTeam "S.K. BACKA-PAÈIR"]

1. e4 c5 2. Nc3 Nc6 3. g3 g6 4. Bg2 Bg7 5. f4 e6 6. Nf3 Nge7 7. O-O O-O 8. d3
d6 9. Be3 Nd4 10. e5 Nef5 11. Bf2 Nxf3+ 12. Bxf3 Nd4 13. Bg2 dxe5 14. fxe5 Bxe5
15. Ne4 Bd7 16. c3 1/2-1/2

[Event "DRUGA LIGA SRBIJE-GRUPA VOJVODINA 2018"]
[Site "Novi Sad"]
[Date "2018.11.09"]
[Round "1.3"]
[White "Banovic, Ivan"]
[Black "Grujic, Zoran"]
[Result "1/2-1/2"]
[WhiteElo "2246"]
[BlackElo "2329"]
[PlyCount "20"]
[EventDate "2018.11.09"]
[WhiteTeam "S.K. KRALJICA PTT-NOVI SAD"]
[BlackTeam "S.K. VOJVODINA-NOVI SAD"]

1. d4 Nf6 2. Nf3 d5 3. Bf4 e6 4. e3 Bd6 5. Bg3 O-O 6. Bd3 c5 7. c3 Nc6 8. Nbd2
b6 9. Qe2 Qc7 10. O-O e5 1/2-1/2

[Event "DRUGA LIGA SRBIJE-GRUPA VOJVODINA 2018"]
[Site "Novi Sad"]
[Date "2018.11.09"]
[Round "1.3"]
[White "Savanovic, Vuk"]
[Black "Desnica, Vladan"]
[Result "1/2-1/2"]
[WhiteElo "2272"]
[BlackElo "2299"]
[PlyCount "21"]
[EventDate "2018.11.09"]
[WhiteTeam "S.K. VOJVODINA-NOVI SAD"]
[BlackTeam "S.K. KRALJICA PTT-NOVI SAD"]

1. e4 c5 2. c3 d5 3. exd5 Qxd5 4. d4 Nf6 5. Nf3 Nc6 6. Be2 e6 7. O-O Be7 8. h3
O-O 9. Be3 cxd4 10. cxd4 b6 11. Nc3 1/2-1/2

[Event "DRUGA LIGA SRBIJE-GRUPA VOJVODINA 2018"]
[Site "Novi Sad"]
[Date "2018.11.09"]
[Round "1.3"]
[White "Remecki, Sinisa"]
[Black "Mikheev, Stanislav"]
[Result "1/2-1/2"]
[WhiteElo "2257"]
[BlackElo "2307"]
[PlyCount "30"]
[EventDate "2018.11.09"]
[WhiteTeam "S.K. KRALJICA PTT-NOVI SAD"]
[BlackTeam "S.K. VOJVODINA-NOVI SAD"]

1. d4 Nf6 2. Nc3 d5 3. Bg5 Bf5 4. e3 e6 5. Bd3 Bxd3 6. Qxd3 Nbd7 7. e4 dxe4 8.
Nxe4 Be7 9. Nxf6+ Bxf6 10. Bxf6 Qxf6 11. Nf3 c5 12. O-O cxd4 13. Nxd4 O-O 14.
c3 Rfd8 15. Qe2 Rac8 1/2-1/2

[Event "DRUGA LIGA SRBIJE-GRUPA VOJVODINA 2018"]
[Site "Novi Sad"]
[Date "2018.11.09"]
[Round "1.3"]
[White "Ilincic, Aleksa"]
[Black "Matijevic, Radovan"]
[Result "0-1"]
[WhiteElo "2178"]
[BlackElo "2105"]
[PlyCount "92"]
[EventDate "2018.11.09"]
[WhiteTeam "S.K. VOJVODINA-NOVI SAD"]
[BlackTeam "S.K. KRALJICA PTT-NOVI SAD"]

1. e4 c6 2. Nf3 d5 3. exd5 cxd5 4. Ne5 Nc6 5. d4 Nxe5 6. dxe5 e6 7. Nd2 Bd7 8.
c3 Qc7 9. Nf3 Ne7 10. Bd3 Ng6 11. Qe2 Be7 12. O-O Bc6 13. Re1 a6 14. b4 Bd7 15.
Bd2 O-O 16. Nd4 a5 17. b5 a4 18. Qh5 f5 19. exf6 Rxf6 20. Bg5 Qxc3 21. Bxg6
Rxg6 22. Nf3 Bf6 23. Rac1 Qa5 24. Bf4 d4 25. Be5 Qxb5 26. Nxd4 Qd5 27. Qf3 Bc6
28. Qxd5 Bxd5 29. Bxf6 Rxf6 30. a3 Rd8 31. Rcd1 Rc8 32. Re3 Kf7 33. f3 Rc5 34.
Rb1 Rf4 35. Nxe6 Bxe6 36. Rxb7+ Kf6 37. Rb6 Re5 38. Rc3 Rd4 39. Kf2 Rd2+ 40.
Kf1 Rd4 41. g4 Rd2 42. f4 Ree2 43. f5 Rxh2 44. Rxe6+ Kg5 45. Ke1 Ra2 46. Kd1
Rh1+ 0-1

[Event "DRUGA LIGA SRBIJE-GRUPA VOJVODINA 2018"]
[Site "Novi Sad"]
[Date "2018.11.09"]
[Round "1.3"]
[White "Radanovic, Aleksandar"]
[Black "Stikovic, Dobrica"]
[Result "1/2-1/2"]
[WhiteElo "2147"]
[BlackElo "2169"]
[PlyCount "34"]
[EventDate "2018.11.09"]
[WhiteTeam "S.K. KRALJICA PTT-NOVI SAD"]
[BlackTeam "S.K. VOJVODINA-NOVI SAD"]

1. e4 e6 2. d4 d5 3. Nc3 Bb4 4. Nge2 dxe4 5. a3 Bxc3+ 6. Nxc3 Nc6 7. Bb5 Nge7
8. Nxe4 e5 9. Bg5 Qd5 10. Qd3 Bf5 11. f3 exd4 12. Bxe7 Kxe7 13. Bxc6 bxc6 14.
O-O-O Rhd8 15. g4 Bxe4 16. Rhe1 Kf8 17. Qxe4 Kg8 1/2-1/2

[Event "DRUGA LIGA SRBIJE-GRUPA VOJVODINA 2018"]
[Site "Novi Sad"]
[Date "2018.11.09"]
[Round "1.3"]
[White "Budisavljevic, Luka"]
[Black "Pastar, Slaven"]
[Result "1-0"]
[WhiteElo "2344"]
[BlackElo "2326"]
[PlyCount "101"]
[EventDate "2018.11.09"]
[WhiteTeam "S.K. VOJVODINA-NOVI SAD"]
[BlackTeam "S.K. KRALJICA PTT-NOVI SAD"]

1. Nf3 d5 2. e3 Nf6 3. c4 c5 4. cxd5 Nxd5 5. Nc3 Nxc3 6. bxc3 g6 7. Qa4+ Nd7 8.
Ba3 Qc7 9. Bb5 Bg7 10. Qc4 b6 11. O-O a6 12. Qd5 Bb7 13. Qxd7+ Qxd7 14. Bxd7+
Kxd7 15. Rab1 Bxf3 16. gxf3 Kc6 17. d4 e6 18. Rb2 Rab8 19. Rfb1 c4 20. Bc5 b5
21. a4 Bf8 22. Bxf8 Rhxf8 23. Kg2 Rb6 24. Rb4 Rfb8 25. Kg3 Kd6 26. f4 f6 27.
Kf3 Kc6 28. h4 Rd8 29. h5 Rg8 30. hxg6 hxg6 31. Rh1 Rb7 32. Rh6 Kd6 33. Kg4 a5
34. Rxb5 Rxb5 35. axb5 a4 36. Rh1 Ra8 37. e4 a3 38. e5+ fxe5 39. fxe5+ Kc7 40.
Kg5 Kb6 41. Kf6 Kxb5 42. Kxe6 Ka4 43. d5 Kb3 44. d6 Kxc3 45. d7 Kb2 46. Kd5 c3
47. e6 a2 48. e7 c2 49. d8=Q Rxd8+ 50. exd8=Q a1=Q 51. Qf6+ 1-0

[Event "DRUGA LIGA SRBIJE-GRUPA VOJVODINA 2018"]
[Site "Novi Sad"]
[Date "2018.11.09"]
[Round "1.4"]
[White "Grigoryan, Karen H"]
[Black "Gajcin, Marina"]
[Result "1-0"]
[WhiteElo "2542"]
[BlackElo "2161"]
[PlyCount "125"]
[EventDate "2018.11.09"]
[WhiteTeam "S.K. NAFTAGAS-ELEMIR"]
[BlackTeam "SOMBORSKI S.K.-SOMBOR"]

1. Nf3 Nf6 2. g3 g6 3. Bg2 Bg7 4. O-O d5 5. d4 O-O 6. c4 dxc4 7. Na3 c3 8. bxc3
c5 9. e3 Nc6 10. Qe2 Bf5 11. Nd2 cxd4 12. cxd4 e5 13. d5 Na5 14. e4 Bg4 15. Qe3
Re8 16. Bb2 b5 17. Rab1 Bd7 18. h3 Qe7 19. Rfc1 Qd6 20. Nc2 Rec8 21. Ne1 Ne8
22. Rxc8 Bxc8 23. Ba3 Bh6 24. Qd3 Qa6 25. Nef3 Nc4 26. Nxc4 bxc4 27. Qc3 Bg7
28. Bf1 Bd7 29. Bxc4 Rc8 30. Bxa6 Rxc3 31. Rb3 Rxb3 32. axb3 Nc7 33. Bc4 Nb5
34. Be7 Nc3 35. Bd3 a5 36. Bd8 a4 37. bxa4 Nxa4 38. Bc2 Kf8 39. g4 h6 40. Ba5
Ke8 41. Bb4 Nb6 42. Bb3 Bb5 43. Ba5 Nd7 44. Bc2 Nc5 45. Bc7 Nd3 46. Kh2 f6 47.
Nh4 Nf4 48. Bb6 Bf8 49. Be3 Kf7 50. Nf3 Bd6 51. Nd2 Kg7 52. Bb3 Bd3 53. Bc4 Bc2
54. Bb5 Be7 55. f3 f5 56. gxf5 gxf5 57. Bxf4 exf4 58. e5 Bb4 59. d6 Bxd2 60. e6
Bd3 61. Bxd3 Bb4 62. e7 Kf7 63. Bc4+ 1-0

[Event "DRUGA LIGA SRBIJE-GRUPA VOJVODINA 2018"]
[Site "Novi Sad"]
[Date "2018.11.09"]
[Round "1.4"]
[White "Bulajic, Ratko"]
[Black "Ratkovic, Miloje"]
[Result "0-1"]
[WhiteElo "2316"]
[BlackElo "2403"]
[PlyCount "36"]
[EventDate "2018.11.09"]
[WhiteTeam "SOMBORSKI S.K.-SOMBOR"]
[BlackTeam "S.K. NAFTAGAS-ELEMIR"]

1. d4 Nf6 2. Nf3 c5 3. e3 d5 4. c4 cxd4 5. exd4 Nc6 6. Nc3 Be6 7. cxd5 Bxd5 8.
Be2 e6 9. O-O Be7 10. Ne5 O-O 11. Bg5 Rc8 12. Qa4 a6 13. Rac1 Ne4 14. Nxd5 Bxg5
15. Nxc6 Qxd5 16. Nb4 Qxd4 17. Rxc8 Rxc8 18. Qa3 Nxf2 0-1

[Event "DRUGA LIGA SRBIJE-GRUPA VOJVODINA 2018"]
[Site "Novi Sad"]
[Date "2018.11.09"]
[Round "1.4"]
[White "Ratkovic, Milovan"]
[Black "Tancik, Kristijan"]
[Result "1-0"]
[WhiteElo "2411"]
[BlackElo "2223"]
[PlyCount "63"]
[EventDate "2018.11.09"]
[WhiteTeam "S.K. NAFTAGAS-ELEMIR"]
[BlackTeam "SOMBORSKI S.K.-SOMBOR"]

1. d4 d5 2. c4 e6 3. Nc3 Nf6 4. Nf3 Be7 5. Bf4 O-O 6. e3 c5 7. dxc5 Bxc5 8. Qc2
Nc6 9. a3 Qa5 10. O-O-O Ne4 11. Nb5 a6 12. Nc7 e5 13. Rxd5 exf4 14. Qxe4 Qxc7
15. Rxc5 fxe3 16. fxe3 f5 17. Qd5+ Kh8 18. Ne5 Qe7 19. Be2 Re8 20. Rd1 Be6 21.
Nxc6 bxc6 22. Qd6 Qg5 23. Qg3 Qf6 24. Rxc6 Rab8 25. Rd4 h6 26. Bh5 Rec8 27.
Rxc8+ Rxc8 28. Be2 Qf7 29. Qf4 a5 30. g4 Rc5 31. gxf5 Bxf5 32. e4 1-0

[Event "DRUGA LIGA SRBIJE-GRUPA VOJVODINA 2018"]
[Site "Novi Sad"]
[Date "2018.11.09"]
[Round "1.4"]
[White "Dekic, Josip"]
[Black "Popov, Sinisa S"]
[Result "0-1"]
[WhiteElo "2260"]
[BlackElo "2432"]
[PlyCount "58"]
[EventDate "2018.11.09"]
[WhiteTeam "SOMBORSKI S.K.-SOMBOR"]
[BlackTeam "S.K. NAFTAGAS-ELEMIR"]

1. e4 e5 2. Nf3 Nc6 3. Bc4 Nf6 4. d3 Be7 5. O-O O-O 6. Re1 d6 7. c3 Na5 8. Bb5
a6 9. Ba4 b5 10. Bc2 c5 11. Nbd2 Re8 12. Nf1 Bf8 13. Ng3 g6 14. h3 Bg7 15. a4
Bb7 16. b3 d5 17. Bb2 c4 18. dxc4 bxc4 19. b4 Nb3 20. Bxb3 cxb3 21. exd5 e4 22.
Nd4 Nxd5 23. Rxe4 Rxe4 24. Nxe4 Ne3 25. Qf3 Nc4 26. Qe2 Bxe4 27. Qxe4 Bxd4 28.
cxd4 Nxb2 29. d5 Rc8 0-1

[Event "DRUGA LIGA SRBIJE-GRUPA VOJVODINA 2018"]
[Site "Novi Sad"]
[Date "2018.11.09"]
[Round "1.4"]
[White "Bodiroga, Predrag"]
[Black "Tokovic, Svetozar"]
[Result "1/2-1/2"]
[WhiteElo "2331"]
[BlackElo "2238"]
[PlyCount "144"]
[EventDate "2018.11.09"]
[WhiteTeam "S.K. NAFTAGAS-ELEMIR"]
[BlackTeam "SOMBORSKI S.K.-SOMBOR"]

1. d4 Nf6 2. c4 e6 3. Nf3 b6 4. g3 Ba6 5. Qa4 Bb7 6. Bg2 Be7 7. O-O O-O 8. Nc3
Ne4 9. Nxe4 Bxe4 10. Rd1 d5 11. Bf4 Bd6 12. Bxd6 cxd6 13. Rac1 Qe8 14. Qxe8
Rxe8 15. cxd5 Bxd5 16. Ne1 Bxg2 17. Kxg2 Kf8 18. Nd3 Na6 19. Rc6 Rac8 20. Rdc1
Rxc6 21. Rxc6 Ke7 22. b4 Kd7 23. b5 Nb8 24. Rc3 Rc8 25. Ra3 Rc7 26. d5 exd5 27.
Nb4 Ke6 28. Re3+ Kd7 29. Ra3 Ke6 30. Re3+ Kd7 31. Nxd5 Rc5 32. Nc3 a6 33. a4
axb5 34. axb5 d5 35. Rd3 Ke6 36. e3 Nd7 37. Ne2 g6 38. Ra3 Kd6 39. Nd4 h5 40.
Ra8 Rc7 41. h3 Kc5 42. g4 hxg4 43. hxg4 Ne5 44. Kg3 Nc4 45. Kf4 Nd6 46. Ra1 Re7
47. Rc1+ Nc4 48. Kg5 Kd6 49. Kf6 Ne5 50. Kg5 Rc7 51. Ra1 f6+ 52. Kf4 Nd3+ 53.
Kg3 Rc1 54. Ra6 Rg1+ 55. Kh2 Rf1 56. Rxb6+ Kc7 57. Rxf6 Rxf2+ 58. Rxf2 Nxf2 59.
Kg3 Nd1 60. Kf3 Kb6 61. g5 Nc3 62. Kf4 Ne4 63. Ke5 Nxg5 64. Kxd5 Nh3 65. e4
Nf4+ 66. Ke5 Nd3+ 67. Kf6 Kc5 68. e5 g5 69. Kf5 Kd5 70. e6 Kd6 71. Kxg5 Nc5 72.
b6 Nxe6+ 1/2-1/2